000 00399 a2200169 4500
001 183265
020 _a
040 _cMagnum
100 _aBach, Richard
240 1 0 _aA história de Fernão Capelo Gaivota
_lpor
245 1 0 _aA história de Fernão Capelo Gaivota
300 _a148
362 0 _a1975
440 1 _aCírculo do Livro
697 _aLITERATURA GERAL ESTRANGEIRA
942 _cBK
999 _c183265
_d183265